书目信息 |
| 题名: |
现代谎言
|
|
| 作者: | 本书编写组编 | |
| 分册: | ||
| 出版信息: | 北京 中国书籍出版社 1999 |
|
| 页数: | 154页 | |
| 开本: | 20cm | |
| 丛书名: | ||
| 单 册: | ||
| 中图分类: | D654 | |
| 科图分类: | ||
| 主题词: | 法轮功--批判 | |
| 电子资源: | ||
| ISBN: | 7-5068-0800-5 | |
| 000 | 01009nam0 2200337 450 | |
| 000 | 00972nam0 2200325 450 | |
| 000 | 00955nam0 2200325 450 | |
| 000 | 00901nam0 2200301 450 | |
| 000 | 00864nam0 2200289 450 | |
| 000 | 00918nam0 2200313 450 | |
| 000 | 00864nam0 2200289 450 | |
| 000 | 00797nam0 2200265 450 | |
| 000 | 00760nam0 2200253 450 | |
| 000 | 00729sam0 2200241 45 | |
| 001 | 0199033196 | |
| 005 | 20070727104046.06 | |
| 010 | @a7-5068-0800-5@dCNY8.00 | |
| 100 | @a20000629d1999 em y0chiy0121 eb | |
| 101 | 0 | @achi |
| 102 | @aCN@b110000 | |
| 105 | @af z 000yy | |
| 200 | 10 | @a现代谎言@Axian dai huang yan@e李洪志歪理邪说评析@f本书编写组编 |
| 210 | @a北京@c中国书籍出版社@d1999 | |
| 215 | @a154页@c插图@d20cm | |
| 300 | @a其他题名:李洪志歪理邪说评析。 | |
| 517 | 10 | @a李洪志歪理邪说评析@Ali hong zhi wai li xie shuo ping xi |
| 606 | @a法轮功@x批判 | |
| 690 | @aD654@v4 | |
| 801 | 01 | @aCN@bTSSF@c20070727 |
| 905 | @a10447@dD654@e26 | |
| 现代谎言:李洪志歪理邪说评析/本书编写组编.-北京:中国书籍出版社,1999 |
| 154页:插图;20cm |
| 其他题名:李洪志歪理邪说评析。 |
| ISBN 7-5068-0800-5:CNY8.00 |
| ● |
| 相关链接 |
|
|
|
|
正题名:现代谎言
索取号:D654/26
 
预约/预借
| 序号 | 登录号 | 条形码 | 馆藏地/架位号 | 状态 | 备注 |
| 1 | 0471764 | 204717645 | 密集书库/ [索取号:D654/26] | 在馆 | |
| 2 | 0784909 | 207849097 | 密集书库/ [索取号:D654/26] | 在馆 |